[Event "zt 3.3"]
[Site "Yongchuan CHN"]
[Date "2003.07.11"]
[Round "1"]
[White "Wang Zili"]
[Black "Zhao Jun"]
[Result "1-0"]
[WhiteElo "2542"]
[BlackElo "2447"]
[PlyCount "115"]
[EventDate "2003.07.11"]
[Source "Mark Crowther"]
[SourceDate "2003.07.28"]

1. e4 c5 2. Nf3 d6 3. d4 Nf6 4. Nc3 cxd4 5. Nxd4 a6 6. Be3 e5 7. Nb3 Be6 8. Qd2
Be7 9. f3 O-O 10. O-O-O Qc7 11. g4 Rc8 12. Qf2 Nbd7 13. Kb1 b5 14. g5 Nh5 15.
h4 b4 16. Nd5 Bxd5 17. Rxd5 Nf8 18. Na5 Ne6 19. Nc4 Nhf4 20. Rd1 Rab8 21. Nb6
Rd8 22. Bc4 Rxb6 23. Bxe6 Rbb8 24. Bb3 a5 25. Bxf4 exf4 26. Rd5 g6 27. h5 Bf8
28. hxg6 hxg6 29. Qh2 Bg7 30. Qxf4 Ra8 31. Ba4 Qb6 32. Qd2 Rac8 33. f4 Rc5 34.
Bb3 Rxd5 35. Qxd5 Rf8 36. f5 a4 37. Bc4 Be5 38. fxg6 Kg7 39. gxf7 Qd4 40. Qxd4
Bxd4 41. Rh6 Be5 42. Kc1 Bf4+ 43. Kd1 Be5 44. b3 a3 45. Bd5 Bf4 46. Ke2 Rc8 47.
Bc4 Rd8 48. Re6 Rh8 49. Rf6 Bxg5 50. Rxd6 Be7 51. Rd1 Rh2+ 52. Kd3 Bf8 53. e5
Bc5 54. Rf1 Kf8 55. e6 Rh4 56. Rf5 Be7 57. Rb5 Bd6 58. Rb6 1-0

[Event "zt 3.3"]
[Site "Yongchuan CHN"]
[Date "2003.07.11"]
[Round "1"]
[White "Wang Rui"]
[Black "Zhou Weiqi"]
[Result "1/2-1/2"]
[WhiteElo "2481"]
[BlackElo "2388"]
[PlyCount "67"]
[EventDate "2003.07.11"]
[Source "Mark Crowther"]
[SourceDate "2003.07.28"]

1. d4 d5 2. Nf3 Nf6 3. c4 c6 4. Nc3 a6 5. a4 e6 6. g3 dxc4 7. Bg2 c5 8. dxc5
Qxd1+ 9. Nxd1 Bxc5 10. Ne5 Ke7 11. O-O Nbd7 12. Nxc4 Ra7 13. Bd2 b6 14. b4 Bd4
15. Rc1 Bb7 16. e3 Bxg2 17. Kxg2 Be5 18. f4 Bb8 19. Nf2 Rc7 20. e4 Rhc8 21. Na3
e5 22. Kf3 h5 23. Rxc7 Rxc7 24. Rc1 Rxc1 25. Bxc1 Ne8 26. Nd3 exf4 27. gxf4 Nd6
28. e5 Nf5 29. Ke4 g6 30. Kd5 Kd8 31. Nc4 Ne7+ 32. Kd4 Nc8 33. b5 axb5 34. axb5
1/2-1/2

[Event "zt 3.3"]
[Site "Yongchuan CHN"]
[Date "2003.07.12"]
[Round "2"]
[White "Xu Jun"]
[Black "Wu Wenjin"]
[Result "1/2-1/2"]
[WhiteElo "2626"]
[BlackElo "2531"]
[PlyCount "24"]
[EventDate "2003.07.11"]
[Source "Mark Crowther"]
[SourceDate "2003.07.28"]

1. d4 Nf6 2. c4 e6 3. Nc3 d5 4. Nf3 c6 5. Bg5 Nbd7 6. e3 Qa5 7. cxd5 Nxd5 8.
Qd2 N7b6 9. a3 Nxc3 10. Qxc3 Qxc3+ 11. bxc3 f6 12. Bh4 c5 1/2-1/2

[Event "zt 3.3"]
[Site "Yongchuan CHN"]
[Date "2003.07.12"]
[Round "2"]
[White "Zhang Zhong"]
[Black "Zhou Weiqi"]
[Result "0-1"]
[WhiteElo "2658"]
[BlackElo "2388"]
[PlyCount "80"]
[EventDate "2003.07.11"]
[Source "Mark Crowther"]
[SourceDate "2003.07.28"]

1. e4 c5 2. Nf3 d6 3. Bb5+ Nd7 4. d4 cxd4 5. Qxd4 Ngf6 6. Nc3 e5 7. Qd3 Be7 8.
Bg5 O-O 9. Bxd7 Qxd7 10. Bxf6 Bxf6 11. O-O-O Rd8 12. Nd5 Qa4 13. g4 Be6 14. Kb1
Bxd5 15. Qxd5 Rac8 16. b3 Qb4 17. Ne1 b5 18. h4 a5 19. g5 Be7 20. Rh3 Rc5 21.
Qb7 Kf8 22. Kb2 d5 23. exd5 Bd6 24. c3 Qg4 25. Rf3 Rc7 26. Qxb5 e4 27. Rd4 Qxh4
28. Nc2 Qxg5 29. Rxe4 Rc5 30. Qb6 Rxd5 31. Qb7 Rf5 32. Rfe3 g6 33. Re2 Qf6 34.
Qa7 h5 35. Nd4 Bc5 36. Qc7 Bxd4 37. Rxd4 Rxd4 38. cxd4 Qxd4+ 39. Qc3 Qxc3+ 40.
Kxc3 h4 0-1

[Event "zt 3.3"]
[Site "Yongchuan CHN"]
[Date "2003.07.12"]
[Round "2"]
[White "Zhang Pengxiang"]
[Black "Wang Rui"]
[Result "1-0"]
[WhiteElo "2567"]
[BlackElo "2481"]
[PlyCount "125"]
[EventDate "2003.07.11"]
[Source "Mark Crowther"]
[SourceDate "2003.07.28"]

1. e4 c5 2. Nf3 Nc6 3. d4 cxd4 4. Nxd4 Nf6 5. Nc3 d6 6. Bg5 e6 7. Qd2 a6 8.
O-O-O h6 9. Nxc6 bxc6 10. Bf4 d5 11. Qe3 Be7 12. Be2 O-O 13. h4 Nd7 14. Qg3 Kh8
15. Bc7 Qe8 16. Rhe1 Bb7 17. Bf3 Rc8 18. Bd6 Bxd6 19. Qxd6 Qd8 20. Na4 Qc7 21.
Qxc7 Rxc7 22. Re3 a5 23. Rc3 Rcc8 24. Nc5 Nxc5 25. Rxc5 Ra8 26. Rd4 a4 27. Rb4
Ra7 28. a3 Kg8 29. exd5 exd5 30. c4 Ba8 31. cxd5 cxd5 32. Bxd5 Re8 33. Bxa8
Raxa8 34. Kb1 Re1+ 35. Rc1 Re5 36. Rcc4 Rea5 37. Kc2 h5 38. Kc3 g6 39. g3 R8a7
40. Rf4 Kg7 41. Rbc4 R5a6 42. f3 Ra5 43. g4 hxg4 44. fxg4 Kh6 45. g5+ Kg7 46.
Kc2 R5a6 47. Kb1 Ra5 48. Rb4 Kf8 49. Ka2 Kg7 50. Rb6 Rd5 51. Rfb4 Rdd7 52. Rc6
Ra8 53. Rcc4 Rda7 54. Rb6 Rd7 55. Rcb4 Raa7 56. Rb8 Re7 57. Rc8 f6 58. gxf6+
Kxf6 59. Rf8+ Kg7 60. Rff4 Re1 61. Rxa4 Rd7 62. Rad4 Rc7 63. Rg4 1-0

[Event "zt 3.3"]
[Site "Yongchuan CHN"]
[Date "2003.07.13"]
[Round "3"]
[White "Wang Zili"]
[Black "Xu Jun"]
[Result "1/2-1/2"]
[WhiteElo "2542"]
[BlackElo "2626"]
[PlyCount "27"]
[EventDate "2003.07.11"]
[Source "Mark Crowther"]
[SourceDate "2003.07.28"]

1. e4 c5 2. Nf3 d6 3. d4 cxd4 4. Nxd4 Nf6 5. Nc3 a6 6. Be3 e6 7. f3 Be7 8. Qd2
O-O 9. g4 Nc6 10. O-O-O Nxd4 11. Bxd4 b5 12. h4 Nd7 13. Kb1 Qc7 14. g5 1/2-1/2

[Event "zt 3.3"]
[Site "Yongchuan CHN"]
[Date "2003.07.13"]
[Round "3"]
[White "Yu Shaoteng"]
[Black "Bu Xiangzhi"]
[Result "1/2-1/2"]
[WhiteElo "2508"]
[BlackElo "2588"]
[PlyCount "86"]
[EventDate "2003.07.11"]
[Source "Mark Crowther"]
[SourceDate "2003.07.28"]

1. e4 c5 2. Nf3 d6 3. Bb5+ Nd7 4. O-O Ngf6 5. d4 a6 6. Bxd7+ Nxd7 7. Nc3 e6 8.
Bg5 Qc7 9. dxc5 Qxc5 10. a4 h6 11. Be3 Qc7 12. a5 b5 13. axb6 Nxb6 14. Qd4 Rb8
15. Nd2 Nd7 16. Nc4 Be7 17. Rfd1 O-O 18. Nxd6 Bf6 19. Qc4 Qxc4 20. Nxc4 Rb4 21.
Nd6 Rxb2 22. Na4 Rb8 23. c3 Rd8 24. Ba7 Rb3 25. Nxc8 Rb7 26. Nc5 Nxc5 27. Rxd8+
Bxd8 28. Bxc5 Rc7 29. Bd4 Rxc8 30. Rxa6 Bf6 31. e5 Be7 32. Ra5 Bb4 33. Ra1 Bc5
34. Kf1 Bxd4 35. cxd4 Rc2 36. Rd1 Kh7 37. Ke1 Kg6 38. Rd2 Rc1+ 39. Ke2 Kf5 40.
Kd3 g5 41. Rc2 Rd1+ 42. Ke3 Re1+ 43. Kd3 Rd1+ 1/2-1/2

[Event "zt 3.3"]
[Site "Yongchuan CHN"]
[Date "2003.07.14"]
[Round "4"]
[White "Zhao Jun"]
[Black "Wang Rui"]
[Result "1/2-1/2"]
[WhiteElo "2447"]
[BlackElo "2481"]
[PlyCount "99"]
[EventDate "2003.07.11"]
[Source "Mark Crowther"]
[SourceDate "2003.07.28"]

1. e4 c5 2. Nc3 e6 3. Nf3 d5 4. d4 Nc6 5. Bg5 Be7 6. Bxe7 Ngxe7 7. dxc5 O-O 8.
Qd2 Qa5 9. exd5 exd5 10. Nb5 Qa4 11. Nfd4 Nxd4 12. Qxd4 Qa6 13. Nd6 Qa5+ 14. b4
Qa3 15. Nb5 Qa4 16. Nc7 Nc6 17. Bb5 Qxc2 18. Bxc6 bxc6 19. O-O Rb8 20. Rfe1 Qc4
21. Qe5 Qxb4 22. Qe7 Be6 23. Nxe6 fxe6 24. Qxe6+ Kh8 25. Qxc6 Qd4 26. Kh1 Rbc8
27. Qd6 Rfd8 28. Qe7 Qxc5 29. Qxc5 Rxc5 30. Rad1 Kg8 31. Rd2 Kf7 32. g3 Re8 33.
Rb1 Ra5 34. Rb4 Re7 35. Kg2 Rd7 36. Re2 d4 37. a4 Rad5 38. h4 a5 39. Rc4 h6 40.
Kf3 d3 41. Rf4+ Kg6 42. Rd2 Rf5 43. Ke3 Rxf4 44. Kxf4 Rd4+ 45. Ke5 Rxa4 46.
Rxd3 Rb4 47. Rd6+ Kh7 48. Ra6 a4 49. h5 Rb2 50. Rxa4 1/2-1/2

[Event "zt 3.3"]
[Site "Yongchuan CHN"]
[Date "2003.07.14"]
[Round "4"]
[White "Xu Jun"]
[Black "Yu Shaoteng"]
[Result "1-0"]
[WhiteElo "2626"]
[BlackElo "2508"]
[PlyCount "149"]
[EventDate "2003.07.11"]
[Source "Mark Crowther"]
[SourceDate "2003.07.28"]

1. d4 Nf6 2. c4 e6 3. Nc3 Bb4 4. Qc2 O-O 5. a3 Bxc3+ 6. Qxc3 d6 7. Bg5 Nbd7 8.
e3 b6 9. f3 c5 10. Nh3 Ba6 11. O-O-O Rc8 12. Kb1 d5 13. cxd5 Bxf1 14. Rhxf1
Nxd5 15. Qd2 Qc7 16. e4 N5f6 17. dxc5 Qxc5 18. Rc1 Qb5 19. Nf2 Ne5 20. Qb4 Qxb4
21. axb4 h6 22. Bf4 Nc4 23. Rc3 Nh5 24. Bc1 Rfd8 25. Rd1 Rxd1 26. Nxd1 e5 27.
Ne3 Nd6 28. Rd3 Nb5 29. Nf5 Rc4 30. Rd5 a6 31. Rxe5 Nf6 32. Bd2 Kf8 33. Re7 Rc7
34. Rxc7 Nxc7 35. Bc3 Nfe8 36. Bd4 b5 37. Bc5+ Kg8 38. Ne7+ Kh7 39. Kc2 h5 40.
h4 Ne6 41. Be3 g6 42. Kd3 Kg7 43. Nc6 N8c7 44. g3 Kf8 45. Bb6 Ke8 46. f4 Na8
47. Be3 Nac7 48. f5 gxf5 49. exf5 Ng7 50. Ke4 Kd7 51. Ne5+ Ke7 52. Bc5+ Ke8 53.
Bb6 Na8 54. Bd4 f6 55. Nc6 Kf7 56. Nb8 Nc7 57. Be3 Ke7 58. Bf4 Nce8 59. Nxa6
Nd6+ 60. Bxd6+ Kxd6 61. Nc5 Ke7 62. Kf4 Ne8 63. Ne4 Nc7 64. Nc3 Kd7 65. Ke4 Kd6
66. Kd4 Kc6 67. g4 Ne8 68. Ne4 hxg4 69. h5 Ng7 70. Ng3 Ne8 71. h6 Nd6 72. h7
Nf7 73. Ne4 Nh8 74. Nxf6 g3 75. Ke3 1-0

[Event "zt 3.3"]
[Site "Yongchuan CHN"]
[Date "2003.07.16"]
[Round "5"]
[White "Wang Zili"]
[Black "Zhang Zhong"]
[Result "1/2-1/2"]
[WhiteElo "2542"]
[BlackElo "2658"]
[PlyCount "62"]
[EventDate "2003.07.11"]
[Source "Mark Crowther"]
[SourceDate "2003.07.28"]

1. e4 e5 2. Nf3 Nc6 3. Bb5 a6 4. Ba4 Nf6 5. O-O Be7 6. Re1 b5 7. Bb3 d6 8. c3
O-O 9. d3 Na5 10. Bc2 c5 11. Nbd2 Nc6 12. Nf1 Re8 13. h3 h6 14. Ng3 Be6 15. Bb3
c4 16. dxc4 bxc4 17. Ba4 Qc7 18. Nh4 d5 19. exd5 Bxd5 20. Nhf5 Rad8 21. Qe2 Bc5
22. Be3 Bf8 23. Rad1 Qb7 24. Qf1 Be6 25. Bc1 Rxd1 26. Rxd1 Rc8 27. Qe2 Qc7 28.
Bxc6 Qxc6 29. Qxe5 Qa4 30. Rf1 Nd7 31. Qf4 Qxa2 1/2-1/2

[Event "zt 3.3"]
[Site "Yongchuan CHN"]
[Date "2003.07.16"]
[Round "5"]
[White "Zhou Weiqi"]
[Black "Zhao Jun"]
[Result "0-1"]
[WhiteElo "2388"]
[BlackElo "2447"]
[PlyCount "154"]
[EventDate "2003.07.11"]
[Source "Mark Crowther"]
[SourceDate "2003.07.28"]

1. e4 c5 2. Nf3 e6 3. d3 Nc6 4. g3 g6 5. Bg2 Bg7 6. O-O Nge7 7. c3 O-O 8. Nbd2
b6 9. Re1 d6 10. d4 cxd4 11. cxd4 Ba6 12. a3 Rc8 13. Nf1 Rc7 14. h4 e5 15. Be3
exd4 16. Nxd4 Ne5 17. Qa4 Qc8 18. Nb5 Rc4 19. Qb3 Qd7 20. a4 N7c6 21. f4 Rb4
22. Qd5 Nc4 23. e5 Ne7 24. Qd3 Bxb5 25. axb5 Qxb5 26. exd6 Rb3 27. Qxb3 Qxb3
28. dxe7 Re8 29. Bf2 Qb4 30. Bc6 Rxe7 31. Ra4 Qd6 32. Rxe7 Qxe7 33. Rxc4 Bxb2
34. Ne3 Ba3 35. Nd5 Qd6 36. h5 gxh5 37. Bb7 Bc5 38. Bxc5 bxc5 39. Re4 Kf8 40.
Kg2 Qd7 41. Re7 Qf5 42. Bc6 c4 43. Re8+ Kg7 44. Rg8+ Kh6 45. Ne3 Qe6 46. g4
hxg4 47. Nxg4+ Kh5 48. Bf3 Kh4 49. Ne5 c3 50. Kf2 Qb6+ 51. Kf1 Qb1+ 52. Kf2
Qb6+ 53. Kf1 f5 54. Be2 c2 55. Kg2 Qb7+ 56. Bf3 Qb2 57. Be2 Qxe5 58. fxe5 c1=Q
59. Rg7 Qc6+ 60. Kf2 Qc5+ 61. Kf1 Qc1+ 62. Kf2 Qf4+ 63. Ke1 Qc1+ 64. Kf2 Qc5+
65. Kf1 Qxe5 66. Rxh7+ Kg3 67. Rd7 Qf4+ 68. Ke1 Qc1+ 69. Rd1 Qc3+ 70. Kf1 Kf4
71. Rd3 Qc1+ 72. Kf2 Qc5+ 73. Ke1 a5 74. Bd1 Qb4+ 75. Ke2 a4 76. Rf3+ Kg4 77.
Kf1 Kg5 0-1

[Event "zt 3.3"]
[Site "Yongchuan CHN"]
[Date "2003.07.16"]
[Round "5"]
[White "Wang Rui"]
[Black "Bu Xiangzhi"]
[Result "0-1"]
[WhiteElo "2481"]
[BlackElo "2588"]
[PlyCount "84"]
[EventDate "2003.07.11"]
[Source "Mark Crowther"]
[SourceDate "2003.07.28"]

1. d4 d5 2. Nf3 Nf6 3. c4 c6 4. Nc3 dxc4 5. a4 Bf5 6. Ne5 Nbd7 7. Nxc4 Nb6 8.
Ne5 a5 9. f3 Nfd7 10. Nxd7 Nxd7 11. e4 Bg6 12. Be3 e5 13. dxe5 Nxe5 14. Be2
Qxd1+ 15. Rxd1 f6 16. f4 Nd7 17. Bg4 Rd8 18. O-O Bb4 19. Bf2 Be7 20. Rfe1 h5
21. Bf5 Bxf5 22. exf5 Kf7 23. Ne4 Rhe8 24. Nd6+ Bxd6 25. Rxd6 Nb8 26. Rxe8 Rxe8
27. Bc5 Kg8 28. Kf2 Na6 29. Bd4 Nb4 30. Kf3 Re1 31. Rd8+ Kh7 32. Rb8 Rf1+ 33.
Ke4 Nd5 34. g3 h4 35. Rxb7 h3 36. Rb3 Rh1 37. g4 Rxh2 38. Rg3 Kg8 39. g5 Re2+
40. Kf3 Rd2 41. Ke4 Nxf4 42. Bg1 Ne2 0-1

[Event "zt 3.3"]
[Site "Yongchuan CHN"]
[Date "2003.07.17"]
[Round "6"]
[White "Wang Zili"]
[Black "Yu Shaoteng"]
[Result "1-0"]
[WhiteElo "2542"]
[BlackElo "2508"]
[PlyCount "95"]
[EventDate "2003.07.11"]
[Source "Mark Crowther"]
[SourceDate "2003.07.28"]

1. e4 e5 2. Nf3 Nf6 3. Nxe5 d6 4. Nf3 Nxe4 5. Nc3 Nxc3 6. dxc3 Be7 7. Bf4 Nc6
8. Qd2 Bg4 9. Be2 Qd7 10. O-O-O O-O-O 11. h3 Bh5 12. Rhe1 a6 13. Qd5 Bg6 14.
Nd4 Nxd4 15. Rxd4 c6 16. Qa5 c5 17. Rd2 Rhe8 18. Bf3 Bf8 19. Red1 Qc7 20. Qa4
f5 21. Rd5 h6 22. c4 Bf7 23. R5d3 Re6 24. Bd2 Qe7 25. Qa5 Rd7 26. Rb3 Re4 27.
Bxe4 Qxe4 28. Qb6 Kb8 29. Re3 Qh4 30. Rde1 Qd8 31. Qxd8+ Rxd8 32. Rf3 Bg6 33.
g4 fxg4 34. hxg4 Kc7 35. g5 h5 36. Re6 Bh7 37. g6 Bg8 38. Re4 d5 39. Bg5 Rc8
40. Re1 Bd6 41. Be7 Kd7 42. Bxd6 Kxd6 43. cxd5 Bxd5 44. Rf5 Be6 45. Rxh5 Rf8
46. Rh7 Rg8 47. Reh1 Ke5 48. Rh8 1-0

[Event "zt 3.3"]
[Site "Yongchuan CHN"]
[Date "2003.07.17"]
[Round "6"]
[White "Bu Xiangzhi"]
[Black "Zhou Weiqi"]
[Result "1/2-1/2"]
[WhiteElo "2588"]
[BlackElo "2388"]
[PlyCount "29"]
[EventDate "2003.07.11"]
[Source "Mark Crowther"]
[SourceDate "2003.07.28"]

1. Nf3 c5 2. c4 Nc6 3. d4 cxd4 4. Nxd4 g6 5. e4 Nf6 6. Nc3 Nxd4 7. Qxd4 d6 8.
Be3 Bg7 9. Be2 O-O 10. Qd2 Be6 11. Rc1 Qa5 12. f3 a6 13. b3 Rfc8 14. Nd5 Qxd2+
15. Kxd2 1/2-1/2

[Event "zt 3.3"]
[Site "Yongchuan CHN"]
[Date "2003.07.18"]
[Round "7"]
[White "Zhou Weiqi"]
[Black "Xu Jun"]
[Result "1/2-1/2"]
[WhiteElo "2388"]
[BlackElo "2626"]
[PlyCount "147"]
[EventDate "2003.07.11"]
[Source "Mark Crowther"]
[SourceDate "2003.07.28"]

1. e4 c5 2. Nf3 d6 3. Bb5+ Nd7 4. d4 Ngf6 5. Nc3 cxd4 6. Qxd4 e5 7. Qd3 h6 8.
Be3 Be7 9. a4 a6 10. Bc4 Qc7 11. O-O Nc5 12. Bxc5 Qxc5 13. Nd5 Nxd5 14. Bxd5
O-O 15. Nd2 Rb8 16. a5 Be6 17. Nb3 Qc7 18. c3 Bxd5 19. Qxd5 Rfc8 20. Rfd1 b6
21. Ra4 Bf8 22. Rd2 b5 23. Rb4 Qd8 24. g3 Rc7 25. Rc2 Rbc8 26. c4 Qd7 27. Rc3
bxc4 28. Rcxc4 Rxc4 29. Rxc4 Rb8 30. Nc5 Qg4 31. Na4 Rb5 32. Qc6 Rxa5 33. Kg2
Qe6 34. Nb6 Rc5 35. Rxc5 dxc5 36. Qxe6 fxe6 37. Nc4 Kf7 38. Kf3 Ke8 39. Ke3 Be7
40. Kd3 Kd8 41. Nd2 Kc7 42. Kc4 Kc6 43. Nb3 Kb6 44. Nc1 Kc6 45. Nd3 Bd6 46. b3
Kb6 47. h3 Kc6 48. Ne1 Kd7 49. Nf3 Kc6 50. h4 Kd7 51. h5 Kc6 52. Nh4 Kd7 53.
Ng6 Kc6 54. f4 exf4 55. gxf4 Kd7 56. e5 Bb8 57. Kxc5 Ba7+ 58. Kb4 Bb6 59. Kc4
Bf2 60. Kd3 Ke8 61. Ke4 Kf7 62. f5 Bg3 63. Nf4 exf5+ 64. Kxf5 Bxf4 65. Kxf4 g6
66. hxg6+ Kxg6 67. b4 h5 68. Ke4 h4 69. Kf4 h3 70. Kg3 Kf5 71. Kxh3 Kxe5 72.
Kg2 Kd4 73. Kf2 Kc4 74. Ke2 1/2-1/2

[Event "zt 3.3"]
[Site "Yongchuan CHN"]
[Date "2003.07.18"]
[Round "7"]
[White "Wang Rui"]
[Black "Wu Wenjin"]
[Result "0-1"]
[WhiteElo "2481"]
[BlackElo "2531"]
[PlyCount "138"]
[EventDate "2003.07.11"]
[Source "Mark Crowther"]
[SourceDate "2003.07.28"]

1. d4 Nf6 2. c4 c5 3. e3 e6 4. Nc3 d5 5. Nf3 Nc6 6. a3 cxd4 7. exd4 Be7 8. c5
Ne4 9. Bb5 O-O 10. O-O Bd7 11. Qc2 f5 12. b4 Be8 13. Bxc6 bxc6 14. Ne5 Bf6 15.
f3 Bxe5 16. dxe5 Nxc3 17. Qxc3 f4 18. Qd4 g5 19. Bd2 Rb8 20. a4 a6 21. Ra3 Rb7
22. Rc1 Qb8 23. Re1 Bg6 24. Raa1 Rg7 25. Ra3 Rff7 26. h3 h6 27. Rea1 Ra7 28.
Kh1 Kh7 29. R3a2 Bf5 30. Rc1 Rab7 31. Kh2 Qe8 32. Rb2 Rb8 33. Be1 Rgb7 34. Kg1
Qg6 35. Rb3 h5 36. Bd2 Bc2 37. Ra3 Rg7 38. Kh2 Kg8 39. Rg1 Rf8 40. b5 axb5 41.
axb5 cxb5 42. Bb4 g4 43. c6 Rff7 44. Rc3 Kh7 45. Bd6 b4 46. c7 bxc3 47. c8=Q
g3+ 48. Kh1 Bf5 49. Ra1 c2 50. Qb2 Rg8 51. Qc5 Rgg7 52. Qc8 Qg5 53. Qbb8 Rg8
54. Bf8 Rgxf8 55. Qxf8 Rxf8 56. Qxf8 Qg7 57. Qd6 Qb7 58. Rc1 Kg6 59. Qd8 Qg7
60. Qd6 Qa7 61. Qf8 d4 62. Qf6+ Kh7 63. Qg5 Bg6 64. Qxf4 d3 65. Qd2 Qd4 66. Re1
Qf2 67. Qb4 Bf7 68. Qe4+ Kg7 69. Ra1 Qd2 0-1

[Event "zt 3.3"]
[Site "Yongchuan CHN"]
[Date "2003.07.19"]
[Round "8"]
[White "Wu Wenjin"]
[Black "Zhou Weiqi"]
[Result "1-0"]
[WhiteElo "2531"]
[BlackElo "2388"]
[PlyCount "89"]
[EventDate "2003.07.11"]
[Source "Mark Crowther"]
[SourceDate "2003.07.28"]

1. d4 d5 2. Nf3 c6 3. e3 Nf6 4. Bd3 Bg4 5. Nbd2 Nbd7 6. h3 Bh5 7. c4 e6 8. O-O
Bd6 9. e4 dxe4 10. Nxe4 Nxe4 11. Bxe4 Nf6 12. Bc2 O-O 13. Qe2 b5 14. c5 Be7 15.
Rd1 Nd5 16. a4 b4 17. a5 Rb8 18. Bd3 Qc7 19. Bc4 Bf6 20. g3 Rfe8 21. g4 Bg6 22.
Ne5 Bxe5 23. dxe5 b3 24. Ra4 Bc2 25. Rf1 Red8 26. Bg5 Rd7 27. Bd2 Qd8 28. Qf3
h6 29. a6 Qe7 30. Ra5 Rdd8 31. Rfa1 Nb4 32. Bc3 Nd5 33. Bd2 Nb4 34. Bxb4 Rxb4
35. Bf1 Rd2 36. Qc3 Rbd4 37. R5a4 Rxa4 38. Rxa4 Qd8 39. Bg2 Qd3 40. Qxd3 Rxd3
41. Bxc6 Rd1+ 42. Kg2 Rb1 43. Bb7 Rxb2 44. c6 Ra2 45. Rxa2 1-0

[Event "zt 3.3"]
[Site "Yongchuan CHN"]
[Date "2003.07.19"]
[Round "8"]
[White "Xu Jun"]
[Black "Zhang Pengxiang"]
[Result "0-1"]
[WhiteElo "2626"]
[BlackElo "2567"]
[PlyCount "64"]
[EventDate "2003.07.11"]
[Source "Mark Crowther"]
[SourceDate "2003.07.28"]

1. d4 d5 2. Nf3 Nf6 3. c4 c6 4. e3 a6 5. Bd3 Bg4 6. Nbd2 e6 7. O-O Nbd7 8. h3
Bh5 9. Qc2 dxc4 10. Qxc4 c5 11. Ne5 b5 12. Qc2 Rc8 13. Nxd7 Qxd7 14. Ne4 Nxe4
15. Bxe4 cxd4 16. Qd2 Bc5 17. a4 bxa4 18. exd4 Bxd4 19. Bc2 O-O 20. Rxa4 Rfd8
21. Rxa6 Qc7 22. Bd3 Bc5 23. Qc2 Qe5 24. Bxh7+ Kh8 25. Ra5 Be2 26. b4 Bxf1 27.
Rxc5 Rxc5 28. bxc5 Be2 29. f4 Qd4+ 30. Kh2 Bd1 31. Qb1 Qxc5 32. Be4 f5 0-1

[Event "zt 3.3"]
[Site "Yongchuan CHN"]
[Date "2003.07.21"]
[Round "9"]
[White "Zhao Jun"]
[Black "Bu Xiangzhi"]
[Result "0-1"]
[WhiteElo "2447"]
[BlackElo "2588"]
[PlyCount "104"]
[EventDate "2003.07.11"]
[Source "Mark Crowther"]
[SourceDate "2003.07.28"]

1. Nf3 c5 2. c4 Nc6 3. Nc3 e5 4. e3 Nf6 5. Be2 d5 6. cxd5 Nxd5 7. Qc2 Be6 8. a3
Rc8 9. Ne4 f6 10. O-O Be7 11. d3 O-O 12. b3 Qd7 13. Bb2 Rfd8 14. Rac1 Na5 15.
Ned2 b5 16. Rfe1 Nb6 17. Ba1 c4 18. dxc4 bxc4 19. Nxc4 Naxc4 20. bxc4 Bxa3 21.
Rcd1 Qa4 22. Rxd8+ Rxd8 23. Qxa4 Nxa4 24. Rb1 Nb6 25. Kf1 Nxc4 26. Rb7 a5 27.
Bc3 Ra8 28. Rc7 Nd6 29. Nd2 Ne8 30. Rc6 Bd7 31. Rb6 a4 32. Bc4+ Kh8 33. Bd5 Rc8
34. Rb7 Rc7 35. Ke2 Rxb7 36. Bxb7 Bb5+ 37. Kd1 Nd6 38. Bd5 Bd3 39. Bc6 Nb5 40.
Ba5 Be7 41. Kc1 h5 42. Kb2 Kh7 43. Bf3 Kg6 44. Bd1 a3+ 45. Kb3 h4 46. h3 f5 47.
Bc3 Nxc3 48. Kxc3 e4 49. Bb3 Bf6+ 50. Kb4 Bb2 51. Ba2 Kg5 52. f4+ Kf6 0-1

[Event "zt 3.3"]
[Site "Yongchuan CHN"]
[Date "2003.07.21"]
[Round "9"]
[White "Wang Rui"]
[Black "Yu Shaoteng"]
[Result "1-0"]
[WhiteElo "2481"]
[BlackElo "2508"]
[PlyCount "73"]
[EventDate "2003.07.11"]
[Source "Mark Crowther"]
[SourceDate "2003.07.28"]

1. d4 Nf6 2. c4 e6 3. Nf3 b6 4. g3 Ba6 5. b3 Bb4+ 6. Bd2 Be7 7. Bg2 c6 8. Ne5
d5 9. Bc3 Nfd7 10. Nxd7 Nxd7 11. Nd2 O-O 12. O-O Nf6 13. e4 b5 14. Re1 dxe4 15.
Qc2 Rb8 16. Rad1 Qc8 17. Bf1 bxc4 18. bxc4 c5 19. Nxe4 cxd4 20. Nxf6+ Bxf6 21.
Bxd4 Bxd4 22. Rxd4 Qc5 23. Red1 g6 24. Qa4 Bb7 25. Qb5 Qa3 26. Qb3 Qa6 27. Rd6
Qa5 28. Qc2 Qc5 29. Qc3 Rbc8 30. Qf6 a5 31. h4 Bd5 32. h5 h6 33. R1xd5 exd5 34.
hxg6 fxg6 35. Qxg6+ Kh8 36. Qxh6+ Kg8 37. Qg5+ 1-0

[Event "zt 3.3"]
[Site "Yongchuan CHN"]
[Date "2003.07.22"]
[Round "10"]
[White "Xu Jun"]
[Black "Zhao Jun"]
[Result "1-0"]
[WhiteElo "2626"]
[BlackElo "2447"]
[PlyCount "103"]
[EventDate "2003.07.11"]
[Source "Mark Crowther"]
[SourceDate "2003.07.28"]

1. d4 Nf6 2. Nf3 e6 3. c4 b6 4. g3 Ba6 5. b3 Bb4+ 6. Bd2 Be7 7. Bg2 c6 8. O-O
d5 9. Qc2 Nbd7 10. Rd1 O-O 11. Bf4 Rc8 12. Nc3 b5 13. c5 b4 14. Na4 Bb5 15. a3
a5 16. Ne1 Nh5 17. Be3 f5 18. Bf3 Qe8 19. axb4 axb4 20. Nb6 Nxb6 21. cxb6 Rb8
22. Ra7 Bd6 23. b7 f4 24. Bc1 e5 25. dxe5 Qxe5 26. Bb2 Qg5 27. Bc1 Qe5 28. Bb2
Qg5 29. Bc1 Qe7 30. Nd3 fxg3 31. hxg3 Nxg3 32. fxg3 Bxd3 33. Rxd3 Bc5+ 34. Kh1
Bxa7 35. Qxc6 Kh8 36. Qxd5 Rbd8 37. Qc4 Rxd3 38. Qxd3 Qc5 39. Qd1 Bb8 40. Kg2
h6 41. Bd2 Rd8 42. Bxb4 Qg5 43. Qe1 h5 44. Ba5 Rd6 45. Qc3 h4 46. Qc8+ Kh7 47.
Be1 Rd8 48. g4 g6 49. Qe6 Rf8 50. Qd7+ Kh6 51. Bd2 Bf4 52. Qc8 1-0

[Event "zt 3.3"]
[Site "Yongchuan CHN"]
[Date "2003.07.22"]
[Round "10"]
[White "Wang Zili"]
[Black "Zhang Pengxiang"]
[Result "0-1"]
[WhiteElo "2542"]
[BlackElo "2567"]
[PlyCount "68"]
[EventDate "2003.07.11"]
[Source "Mark Crowther"]
[SourceDate "2003.07.28"]

1. e4 c5 2. Nf3 Nc6 3. d4 cxd4 4. Nxd4 g6 5. c4 Bg7 6. Be3 Nf6 7. Nc3 O-O 8.
Be2 d6 9. Rc1 Nxd4 10. Bxd4 Be6 11. Qd2 Qa5 12. f3 Rfc8 13. b3 a6 14. O-O b5
15. cxb5 axb5 16. Rfd1 b4 17. Na4 Rcb8 18. Bf1 Nd7 19. Bxg7 Kxg7 20. Qe1 Nb6
21. Nxb6 Qxb6+ 22. Kh1 Rxa2 23. Bc4 Bxc4 24. Rxc4 Qa5 25. h3 Rb5 26. Qe3 Rg5
27. Rg1 f6 28. Qc1 Rgxg2 29. Rxg2 Ra1 30. Qxa1 Qxa1+ 31. Kh2 Qa3 32. Rc7 Kf7
33. Rd2 Qxb3 34. Rxd6 Qxf3 0-1

[Event "zt 3.3"]
[Site "Yongchuan CHN"]
[Date "2003.07.23"]
[Round "11"]
[White "Zhang Pengxiang"]
[Black "Yu Shaoteng"]
[Result "1/2-1/2"]
[WhiteElo "2567"]
[BlackElo "2508"]
[PlyCount "90"]
[EventDate "2003.07.11"]
[Source "Mark Crowther"]
[SourceDate "2003.07.28"]

1. e4 c6 2. d4 d5 3. e5 c5 4. dxc5 e6 5. Nf3 Bxc5 6. Bd3 Nc6 7. O-O Nge7 8.
Nbd2 Ng6 9. Nb3 Be7 10. Qe2 Qc7 11. Re1 Nb4 12. Nbd4 Nxd3 13. Qxd3 O-O 14. g3
Re8 15. h4 Nf8 16. h5 h6 17. Bf4 a6 18. g4 Nh7 19. Qd2 Qd8 20. Kh2 Bd7 21. Re2
Rc8 22. c3 Rc4 23. Rg1 Ng5 24. Nxg5 Bxg5 25. Kh3 f6 26. Bxg5 fxg5 27. f4 Rf8
28. Rf2 Rxf4 29. Rxf4 gxf4 30. Qxf4 Qf8 31. Qe3 Qf7 32. Kh4 Be8 33. Rg2 b5 34.
b4 Qc7 35. Rg3 a5 36. a3 axb4 37. axb4 Qe7+ 38. Kh3 Rc8 39. Rf3 Ra8 40. Qd3 Ra1
41. Rf1 Rxf1 42. Qxf1 Qc7 43. Qe1 Qc4 44. Qe3 Qf1+ 45. Kg3 Bd7 1/2-1/2

[Event "zt 3.3"]
[Site "Yongchuan CHN"]
[Date "2003.07.23"]
[Round "11"]
[White "Zhao Jun"]
[Black "Wu Wenjin"]
[Result "1-0"]
[WhiteElo "2447"]
[BlackElo "2531"]
[PlyCount "124"]
[EventDate "2003.07.11"]
[Source "Mark Crowther"]
[SourceDate "2003.07.28"]

1. e4 c5 2. Nf3 e6 3. d4 cxd4 4. Nxd4 Nc6 5. Nb5 d6 6. c4 Nf6 7. N1c3 a6 8. Na3
Be7 9. Be2 O-O 10. O-O b6 11. Be3 Bb7 12. f3 Nd7 13. Qd2 Nce5 14. Rfd1 Ng6 15.
Rac1 Qc7 16. Kh1 Rfd8 17. Bf1 Rab8 18. b4 Ba8 19. Qf2 Bh4 20. Qd2 Nde5 21. f4
Ng4 22. Bg1 Bf6 23. Nab1 Be7 24. Be2 Nf6 25. Qe3 Qb7 26. Nd2 d5 27. cxd5 exd5
28. Nxd5 Nxd5 29. exd5 Bd6 30. Bf3 Bxf4 31. Qf2 Qe7 32. Rc4 Bxd5 33. Bxd5 Rxd5
34. Rxf4 Nxf4 35. Qxf4 Rbd8 36. Be3 g5 37. Qf2 Qxb4 38. Rf1 R8d7 39. Nf3 h6 40.
Bxb6 Rd1 41. Rxd1 Rxd1+ 42. Ng1 Rd2 43. Qe1 Rb2 44. Qe8+ Qf8 45. Qc6 Rxa2 46.
Qc4 Ra3 47. Bd4 Qd8 48. Bb2 Ra5 49. Qc3 f6 50. Qb3+ Qd5 51. Qb8+ Kf7 52. Qb6
Qf5 53. Bxf6 Qc5 54. Qd8 Ra2 55. Qh8 Qc2 56. Qg7+ Ke6 57. Qe7+ Kf5 58. g4+ Kxg4
59. Qe6+ Kh5 60. Qf7+ Kg4 61. h3+ Kf4 62. Bc3+ Ke4 1-0